<?xml version="1.0" encoding="UTF-8"?>
<record
    xmlns:xsi="http://www.w3.org/2001/XMLSchema-instance"
    xsi:schemaLocation="http://www.loc.gov/MARC21/slim http://www.loc.gov/standards/marcxml/schema/MARC21slim.xsd"
    xmlns="http://www.loc.gov/MARC21/slim">

  <leader>03707nam a22002537a 4500</leader>
  <controlfield tag="005">20220204161855.0</controlfield>
  <controlfield tag="008">220204b           ||||| |||| 00| 0 eng d</controlfield>
  <datafield tag="020" ind1=" " ind2=" ">
    <subfield code="a">9789391596040</subfield>
  </datafield>
  <datafield tag="040" ind1=" " ind2=" ">
    <subfield code="c">AL</subfield>
  </datafield>
  <datafield tag="041" ind1=" " ind2=" ">
    <subfield code="a">English</subfield>
  </datafield>
  <datafield tag="082" ind1=" " ind2=" ">
    <subfield code="2">23</subfield>
    <subfield code="a">657.0218</subfield>
    <subfield code="b">RAWT</subfield>
  </datafield>
  <datafield tag="100" ind1=" " ind2=" ">
    <subfield code="a">Rawat D S and others</subfield>
    <subfield code="9">16910</subfield>
  </datafield>
  <datafield tag="245" ind1=" " ind2=" ">
    <subfield code="a">Taxmann Students guide to Ind ASs</subfield>
    <subfield code="b">Converged IFRSs</subfield>
  </datafield>
  <datafield tag="250" ind1=" " ind2=" ">
    <subfield code="a">7th ed.</subfield>
  </datafield>
  <datafield tag="260" ind1=" " ind2=" ">
    <subfield code="a">New Delhi</subfield>
    <subfield code="b">Taxmann Publications Pvt Ltd.</subfield>
    <subfield code="c">2021</subfield>
  </datafield>
  <datafield tag="300" ind1=" " ind2=" ">
    <subfield code="a">1219 p.</subfield>
    <subfield code="b">PB</subfield>
    <subfield code="c">23x15 cm.</subfield>
  </datafield>
  <datafield tag="365" ind1=" " ind2=" ">
    <subfield code="a">5606</subfield>
    <subfield code="b">&#x20B9;1036.00</subfield>
    <subfield code="c">&#x20B9;</subfield>
    <subfield code="d">&#x20B9;1295.00</subfield>
    <subfield code="e">20%</subfield>
    <subfield code="f">03-02-2022</subfield>
  </datafield>
  <datafield tag="520" ind1=" " ind2=" ">
    <subfield code="a">Taxmann's Students' Guide to Ind ASs [Converged IFRSs] is prepared exclusively for the Final Level of Chartered Accountancy Examination requirement. It covers the entire revised syllabus as per ICAI. This book serves as a guide for students &amp; professionals. It has been written with the objective to present the complex text of Ind ASs in a simple language and to develop the ability of the students to apply these Ind ASs in their given situation.
The Present Publication is the 7th Edition, authored by Dr. D.S. Rawat &amp; CA Pooja Patel, for CA/CMA Final &amp; Updated till 30-04-2021, with the following noteworthy features:
&#x2022; Contents of this book are as follows:
o Introduction to Indian Accounting Standards (Ind AS)
o Framework for the Preparation and Presentation of Financial Statements in accordance with Indian Accounting Standards
o Presentation of Financial Statements (Ind AS-1)
o Inventories (Ind AS-2)
o Statement of Cash Flows (Ind AS-7)
o Accounting policies, changes in accounting estimates and errors (Ind AS-9)
o Events after the reporting period (Ind AS-10)
o Construction Contracts (Ind AS-11) | Deleted | Not in CA-Final Syllabus
o Income Taxes (Ind AS-12)
o Property, Plant and Equipment (Ind AS-16)
o Leases (Ind AS-17) | Deleted | Not in CA Final Syllabus
o Revenue (Ind AS-18) | Deleted | Not in CA Final Syllabus
o Employee Benefits (Ind AS-19)
o Accounting for Government grants and disclosures of Government assistance (Ind AS-20)
o The effects of changes in Foreign Exchange Rates (Ind AS-21)
o Borrowing Cost (Ind AS-23)
o Related Party Disclosure (Ind AS-24)
o Separate Financial Statements (Ind AS-27)
o Investments in Associates and Joint Ventures (Ind AS-28)
o Financial reporting in hyperinflationary economies (Ind AS-29) | Deleted | Not in CA Final Syllabus
o Earnings Per Share (Ind AS-33)
o Interim Financial Reporting (Ind AS-34)
o Impairment of Assets (Ind AS-36)
o Provisions, Contingent Liabilities and Contingent Assets (Ind AS-37)
o Intangible Assets (Ind AS-38)
o Investment Property (Ind AS-40)
o Agriculture (Ind AS-41)
o First-time adoption of Indian Accounting Standards (Ind AS-101)
o Share-based payments (Ind AS-102)
o Business Combinations (Ind AS-103)
o Insurance Contracts (Ind AS-104) | Deleted | Not in CA Final Syllabus
o Non-current assets held for sale and discontinues operations (Ind AS-105)
o Exploration for and evaluation of mineral resources (Ind AS-106) | Deleted | Not in CA Final Syllabus
o Operating segments (Ind AS-108)
o Financial instruments: Recognition, presentation, and disclosure (Ind AS-32), (Ind AS-107), (Ind AS-109)
o Consolidated financial statements (Ind AS-110)
o Joint arrangements (Ind AS-111)
o Disclosure of interest in other entities (Ind AS-112)
o Fair value measurement (Ind AS-113)
o Regulatory deferral accounts (Ind AS-114) | Deleted | Not in CA Final Syllabus
o Revenue from contracts with customers (Ind AS-115)
o Leases (Ind AS-116)

</subfield>
  </datafield>
  <datafield tag="650" ind1=" " ind2=" ">
    <subfield code="a">Education</subfield>
    <subfield code="9">16911</subfield>
  </datafield>
  <datafield tag="650" ind1=" " ind2=" ">
    <subfield code="a">Finance</subfield>
    <subfield code="9">16912</subfield>
  </datafield>
  <datafield tag="700" ind1=" " ind2=" ">
    <subfield code="a">RAWAT (D S)</subfield>
    <subfield code="9">16913</subfield>
  </datafield>
  <datafield tag="700" ind1=" " ind2=" ">
    <subfield code="a">PATEL (Pooja)</subfield>
    <subfield code="9">16914</subfield>
  </datafield>
  <datafield tag="942" ind1=" " ind2=" ">
    <subfield code="2">ddc</subfield>
    <subfield code="c">BK</subfield>
  </datafield>
  <datafield tag="999" ind1=" " ind2=" ">
    <subfield code="c">221421</subfield>
    <subfield code="d">221421</subfield>
  </datafield>
  <datafield tag="952" ind1=" " ind2=" ">
    <subfield code="0">0</subfield>
    <subfield code="1">0</subfield>
    <subfield code="2">ddc</subfield>
    <subfield code="4">0</subfield>
    <subfield code="7">0</subfield>
    <subfield code="8">OTH</subfield>
    <subfield code="a">AL</subfield>
    <subfield code="b">AL</subfield>
    <subfield code="d">2022-02-04</subfield>
    <subfield code="e">Biblios Book Point</subfield>
    <subfield code="g">1036.00</subfield>
    <subfield code="l">0</subfield>
    <subfield code="o">657.0218 RAWT</subfield>
    <subfield code="p">075389</subfield>
    <subfield code="r">2022-02-04 00:00:00</subfield>
    <subfield code="v">1295.00</subfield>
    <subfield code="w">2022-02-04</subfield>
    <subfield code="y">BK</subfield>
  </datafield>
</record>
